000 01009nam a2200289 i 4500
003 EG-GICUC
005 20260121101511.0
008 251216s1980 ua ||||f |||| 00| 0 ara d
040 _a EG-GICUC
_bara
_c EG-GICUC
_d EG-GICUC
_erda
041 _aara
082 0 4 _221
_a343.6
_bع و . م
092 0 4 _221
099 _aLaw1 10 343.6 ع و . م 1980
100 0 _aعوض محمد
_eمؤلف.
245 1 0 _aمبادئ علم الإجرام \
_cعوض محمد
264 1 _aالاسكندرية :
_bمؤسسة الثقافة العربية,
_c1980.
300 _a؛ 322 صفحة
_c24 سم.
336 _2rda content
_atext
337 _2rda media
_aComputer
338 _2rda carrier
_aOnline Resource
546 _aالنص أغلبه باللغة العربية بعض النصوص الإنجليزية والفرنسية
650 1 4 _aعلم الإجرام
_2qrmak
651 1 _2qrmak
856 4 0 _uhttps://fll.law.cu.edu.eg/fulltext/bks/B10-07270.pdf
905 _a75
942 _2ddc
_cBK
_e21
_n0
999 _c50918
_d50918